00500nam a2200157Ia 4500003000900000008004100009040001600050080001700066100001500083245011000098260005500208300001600263490003200279650001400311650001700325IN-BaIIA211028s9999 xx 000 0 eng d cIIA Library a52(091)bKAY aKaye,G. R. 4aThe astronomical observatories of Jai singhcG. R. Kaye  aCalcuttabSuperintendent Government Printingc1918 aviii, 151p. aNew imperial series; v. 40. aAstronomy aAsytophysics